Liczba ludności państw świata #1 - Statystyki

Ogólne statystyki
  • Ten quiz został rozwiązany 193 razy
  • Średni wynik to 9 z 15
Statystyki odpowiedzi
Zagadnienie Odpowiedź % Poprawnych
Które państwo ma większą liczbę ludności? Chiny
99%
Które państwo ma większą liczbę ludności? Filipiny
78%
Które państwo ma większą liczbę ludności? Gruzja
73%
Które państwo ma większą liczbę ludności? Francja
71%
Które państwo ma większą liczbę ludności? Austria
70%
Które państwo ma większą liczbę ludności? Bangladesz
69%
Które państwo ma większą liczbę ludności? Brazylia
65%
Które państwo ma większą liczbę ludności? Wietnam
59%
Które państwo ma większą liczbę ludności? Chile
57%
Które państwo ma większą liczbę ludności? Polska
56%
Które państwo ma większą liczbę ludności? Madagaskar
45%
Które państwo ma większą liczbę ludności? Nepal
44%
Które państwo ma większą liczbę ludności? Norwegia
40%
Które państwo ma większą liczbę ludności? Belgia
39%
Które państwo ma większą liczbę ludności? Nepal
31%
Nie znaleziono quizów pasujących do podanych kryteriów
Rozkład punktacji
Procent ludzi z każdym wynikiem
Percentyl według liczby udzielonych odpowiedzi
Twoja historia wyników
Nie rozwiązałeś tego quizu